Language in society : (Record no. 22670)
[ view plain ]
| 000 -LEADER | |
|---|---|
| fixed length control field | 01448cam a22002655a 4500 |
| 008 - FIXED-LENGTH DATA ELEMENTS--GENERAL INFORMATION | |
| fixed length control field | 161017r20131994xxuab |fr|||| 001 0 eng d |
| 020 ## - INTERNATIONAL STANDARD BOOK NUMBER | |
| International Standard Book Number | 0198731922 |
| 020 ## - INTERNATIONAL STANDARD BOOK NUMBER | |
| International Standard Book Number | 9780198731924 |
| 082 04 - DEWEY DECIMAL CLASSIFICATION NUMBER | |
| Edition number | 22 |
| Classification number | 306.44 |
| Item number | ROM |
| 100 1# - MAIN ENTRY--PERSONAL NAME | |
| Personal name | Romaine, Suzanne, |
| Dates associated with a name | 1951- |
| 9 (RLIN) | 41555 |
| 245 10 - TITLE STATEMENT | |
| Title | Language in society : |
| Remainder of title | an introduction to sociolinguistics / |
| Statement of responsibility, etc | Suzanne Romaine. |
| 250 ## - EDITION STATEMENT | |
| Edition statement | 2nd ed. |
| 260 ## - PUBLICATION, DISTRIBUTION, ETC. (IMPRINT) | |
| Place of publication, distribution, etc | Oxford ; |
| -- | New York : |
| Name of publisher, distributor, etc | Oxford University Press, |
| Date of publication, distribution, etc | 2013. |
| 300 ## - PHYSICAL DESCRIPTION | |
| Extent | xi, 268 p. : |
| Other physical details | ill., maps ; |
| Dimensions | 24 cm. |
| 500 ## - GENERAL NOTE | |
| General note | Index : p. 263-268 |
| 504 ## - BIBLIOGRAPHY, ETC. NOTE | |
| Bibliography, etc | Bibliography : (p. [249]-262). |
| 505 ## - FORMATTED CONTENTS NOTE | |
| Formatted contents note | 1. Language in Society/Society in Language -- 2. Language Choice -- 3. Sociolinguistic Patterns -- 4. Language and Gender -- 5. Language Change in Social Perspective -- 6. Pidgin and Creole Languages -- 7. Linguistic Problems as Societal Problems -- 8. Conclusions. |
| 520 ## - SUMMARY, ETC. | |
| Summary, etc | Why have 1500 separate languages developed in the Pacific islands of Melanesia? Why do Danes understand Norwegian better than Norwegians understand Danish? Why is a Cornish accent rated higher than Cockney speech but lower than Oxford English? Are British and American English different languages? |
| 590 ## - LOCAL NOTE (RLIN) | |
| Local note | Wessam |
| 650 #7 - SUBJECT ADDED ENTRY--TOPICAL TERM | |
| Topical term or geographic name as entry element | Sociolinguistics. |
| Source of heading or term | BUEsh |
| 9 (RLIN) | 39810 |
| 651 ## - SUBJECT ADDED ENTRY--GEOGRAPHIC NAME | |
| Source of heading or term | BUEsh |
| 653 ## - INDEX TERM--UNCONTROLLED | |
| Resource For college | Humanities: English |
| Arrived date list | October2016 |
| 856 41 - ELECTRONIC LOCATION AND ACCESS | |
| Materials specified | Table of contents only |
| Uniform Resource Identifier | <a href="http://www.loc.gov/catdir/enhancements/fy0610/00032655-t.html">http://www.loc.gov/catdir/enhancements/fy0610/00032655-t.html</a> |
| 942 ## - ADDED ENTRY ELEMENTS (KOHA) | |
| Source of classification or shelving scheme | Dewey Decimal Classification |
| Item type | Book - Borrowing |
| Edition | 22 |
| Call number prefix | 306.44 ROM |
| Withdrawn status | Item status | Source of classification or shelving scheme | Damaged status | Not for loan | Vendor | Home library | Current library | Shelving location | Date acquired | Source of acquisition | Cost, normal purchase price | Serial Enumeration / chronology | Total Checkouts | Full call number | Barcode | Date last seen | Date last borrowed | Cost, replacement price | Koha item type |
|---|---|---|---|---|---|---|---|---|---|---|---|---|---|---|---|---|---|---|---|
| Dewey Decimal Classification | Academic Bookshop | Central Library | Central Library | First floor | 17/10/2016 | Purchase | 358.00 | 9118 | 1 | 306.44 ROM | 000033456 | 15/07/2025 | 21/12/2016 | 448.00 | Book - Borrowing |